Statistics for 6 Letter Words Beginning With CH-

Click here to take the quiz!

General Stats

  • This quiz has been taken 53 times
  • The average score is 13 of 20

Answer Stats

DefinitionAnswer% Correct
A place of worshipChurch / Chapel
96%
Very fatChunky / Chubby
94%
The act of selecting or making a decisionChoice / Choose
89%
What angry bulls do... or shopaholicsCharge
87%
Talks a lotChatty
85%
A pitted fruitCherry
81%
A sensation of cold, usually with shiveringChills / Chilly
79%
Not engaging in sexual relations; celibateChaste
70%
A celestial beingCherub / Christ
70%
A wooden house with a low-pitched roof, common in Alpine regionsChalet
68%
Very happyCheery
66%
A group of singers who perform togetherChorus
66%
Anything plated with chromium, such as fittings on a car bodyChrome
62%
Luck or fortuneChance
53%
A way one could describe Dolly PartonChesty
47%
A printed cotton fabric used especially for draperiesChintz
43%
In yoga, any of the points of spiritual power located along the bodyChakra
40%
Impudent; insolentCheeky
40%
I want my baby back, baby back, baby back...baby back ribsChilis
36%
Any cheese made from goat's milkChevre
17%

Score Distribution

Percentile by Number Answered

Percent of People with Each Score

Your Score History

You have not taken this quiz